| 000 | 01217nam a22003377a 4500 | ||
|---|---|---|---|
| 003 | CHAP | ||
| 005 | 20220329140931.0 | ||
| 008 | 971013s1996 r 00010 d | ||
| 010 | _a60017 | ||
| 011 | _a60989 | ||
| 035 | _a65153 | ||
| 040 | _cCHAP | ||
| 090 | _aTesis | ||
| 100 | 0 | 0 |
_aMartínez Solís, Juan. _972539 |
| 245 | _aCalidad fisiológica en semillas de maíz y su relación con la oportunidad de cosecha y tipo de secado | ||
| 260 |
_aMontecillo, Méx. : _bEl autor, _c1996 |
||
| 300 |
_a103 h. _b; gráfs. |
||
| 502 | _aTesis (M.C. Esp. en Genética) -- Colegio de Postgraduados. Instituto de Recursos Genéticos y Productividad. Programa de Genética | ||
| 590 |
_aALEPH _b10 _c20130110 _lUCH01 _h1338 |
||
| 590 |
_aBATCH-UPD _b10 _c20130110 _lUCH01 _h0626 |
||
| 590 |
_aBATCH-UPD _b10 _c20130410 _lUCH01 _h0309 |
||
| 590 |
_aBATCH-UPD _b10 _c20130914 _lUCH01 _h1753 |
||
| 590 |
_aCONVERSION _b10 _c20130109 _lUCH01 _h1332 |
||
| 650 | 1 | 4 |
_aMaíz _xSemilla. _971059 |
| 650 | 1 | 4 |
_aSemillas _xCalidad. _9103881 |
| 650 | 1 | 4 |
_aSemillas _xDeshidratación. _9103889 |
| 650 | 1 | 4 |
_aSemillas _xFisiología y morfología. _9103902 |
| 901 | _aBK | ||
| 942 | _cTESIS | ||
| 949 |
_bBC _cTES _d-144312 _eTS1 _h29049 _i65153 _si |
||
| 999 |
_c60017 _d60017 |
||